Central Library OPAC University of Rajshahi

The Library association year book 1952 : (Record no. 10635)

MARC details
000 -LEADER
fixed length control field 00795cas a2200241u| 4500
001 - CONTROL NUMBER
control field 10635
003 - CONTROL NUMBER IDENTIFIER
rucl marc code BD-RjUL
005 - DATE AND TIME OF LATEST TRANSACTION
control field 20211208235005.0
008 - FIXED-LENGTH DATA ELEMENTS--GENERAL INFORMATION
fixed length control field 140125s1952 enk||||| |||||000eng|
035 ## - SYSTEM CONTROL NUMBER
System control number (BD-RjUL) 10683
040 ## - CATALOGING SOURCE
Original cataloging agency DLC
Transcribing agency CarP
Modifying agency DLC
-- BD-RjUL
Language of cataloging eng
041 ## - LANGUAGE CODE
Language code of text/sound track or separate title eng
082 ## - DEWEY DECIMAL CLASSIFICATION NUMBER
Classification number 020.5
Author mark and year LIB 1952
110 2# - MAIN ENTRY--CORPORATE NAME
Corporate name or jurisdiction name as entry element Library Association.
9 (RLIN) 32883
245 14 - TITLE STATEMENT
Title The Library association year book 1952 :
Remainder of title Founded 1877: Incorporated by Royal Charter 1898; Patron: H. M. The King.
Statement of responsibility, etc. The Library Association.
260 ## - PUBLICATION, DISTRIBUTION, ETC. (IMPRINT)
Place of publication, distribution, etc. London :
Name of publisher, distributor, etc. The Association,
Date of publication, distribution, etc. 1952.
300 ## - PHYSICAL DESCRIPTION
Pagination various pagins ;
Size 22 cm.
650 #0 - SUBJECT ADDED ENTRY--TOPICAL TERM
Topical term or geographic name as entry element Libraries
Geographic subdivision Great Britain.
9 (RLIN) 32881
Topical term or geographic name as entry element Library science
Form subdivision Periodicals.
9 (RLIN) 32882
710 ## - ADDED ENTRY--CORPORATE NAME
Corporate name or jurisdiction name as entry element The Library Association.
9 (RLIN) 4615
942 ## - ADDED ENTRY ELEMENTS (KOHA)
Source of classification or shelving scheme Dewey Decimal Classification
Koha item type Books
Holdings
Lost status Source of classification or shelving scheme Damaged status Not for loan Collection code Permanent Location Current Location Shelving location Date acquired Source of acquisition Cost, normal purchase price Total Checkouts Full call number Date last seen Copy number Koha item type
  Dewey Decimal Classification   Not For Loan Non-fiction Central Library, University of Rajshahi Central Library, University of Rajshahi Reading Room 13/06/1955 British Council 0.00   020.5 LIB 1952 25/01/2014 C-1 Books